| 000 | 01195cam a2200301 i 4500 | ||
|---|---|---|---|
| 003 | OSt | ||
| 005 | 20240715215323.0 | ||
| 008 | 130408e201209 ck b 000 0 spa c | ||
| 020 | _a9789588366616 | ||
| 040 |
_aSTF _beng _cSTF _erda _dOCLCQ _dDLC |
||
| 082 | 1 | 4 |
_a844 _bR436 |
| 100 | 1 |
_aRestrepo Betancur, Álvaro _d1957- _eauthor. |
|
| 245 | 1 | 0 |
_aSartre a través de La náusea / _cÁlvaro Restrepo Betancur. |
| 250 | _aSegunda edición. | ||
| 264 |
_aMedellín : _bEdiciones UNAULA, _c2012. |
||
| 300 |
_a119 p. ; _c22 cm. |
||
| 336 |
_atext _btxt _2rdacontent |
||
| 337 |
_aunmediated _bn _2rdamedia |
||
| 338 |
_avolume _bnc _2rdacarrier |
||
| 490 | 1 | _aSerie humanismo | |
| 504 | _aIncluye referencias bibliográficas. | ||
| 505 | 1 | _aIntroducción: Sartre o el escritor y filósofo de la totalidad -- La náusea y el ser y la nada en perspectiva de la totalidad -- Náusea, angustia y libertad -- Metafísica de la muerte -- Conclusión: crítica de la filosofía dramática del "primer" Sartre | |
| 546 | _aEspañol | ||
| 650 | 1 | 4 |
_aExistencialismo en literatura _92612 |
| 650 | 1 | 4 |
_aLiteratura francesa _92379 |
| 650 | 1 | 4 |
_aMuerte en la literatura _92613 |
| 942 |
_2ddc _cBK _h844 R436 _n0 |
||
| 999 |
_c1830 _d1830 |
||